000 00558nam a22001817a 4500
005 20251108165809.0
008 250721s1977 xx 000 0 ara d
082 1 4 _aم/355.003/موس
245 1 0 _aالموسوعة العسكرية /
264 1 _aبيروت :
_bالمؤسسة العربية للدراسات و النشر،
_c1977.
300 _a3ج : مص ، خرائط
650 1 7 _aالحرب
650 1 7 _aالموسوعات
650 1 7 _aالعلوم العسكرية
650 1 7 _aعلم المعاجم
942 _2ddc
_cREF
999 _c31526
_d31526